[Event "Bordeaux Winter op 6th"]
[Site "Bordeaux"]
[Date "2018.01.05"]
[Round "2"]
[White "Coant, Jean Francois"]
[Black "Ringuet, Noe"]
[Result "1-0"]
[WhiteElo "1772"]
[BlackElo "2180"]
[PlyCount "69"]
[EventDate "2018.01.05"]
[EventType "swiss"]
[EventRounds "7"]
[EventCountry "FRA"]
[SourceTitle "EXT 2019"]
[Source "ChessBase"]
[SourceDate "2018.10.10"]
[SourceVersion "1"]
[SourceVersionDate "2018.10.10"]
[SourceQuality "1"]

1. c4 f5 2. d4 Nf6 3. Nc3 g6 4. Nf3 Bg7 5. g3 0-0 6. Bg2 d6 7. 0-0 Nc6 8. d5 Ne5 9. Qb3 Nxf3+ 10. Bxf3 Nd7 11. Be3 Ne5 12. Bg2 Ng4 13. Bd2 e5 14. dxe6 c6 15. h3 Nf6 16. Rad1 Qe7 17. Bf4 Rd8 18. Qa3 Ne8 19. e4 g5 20. Be3 Bxe6 21. exf5 Bxc4 22. Rfe1 h6 23. Bd4 Qf7 24. Bxg7 Kxg7 25. b3 Ba6 26. g4 Rac8 27. Re6 Rc7 28. Rde1 Nf6 29. Rxd6 Qf8 30. Ree6 Ne8 31. Rg6+ Kf7 32. Ne4 Qe7 33. Rxh6 Rxd6 34. Nxd6+ Kg7 35. f6+ 1-0

[Event "Bordeaux-ch 48th"]
[Site "Bordeaux"]
[Date "2015.05.14"]
[Round "5"]
[White "Fantinel, Thibault"]
[Black "Coant, Jean Francois"]
[Result "1-0"]
[WhiteElo "2378"]
[BlackElo "1742"]
[PlyCount "47"]
[EventDate "2015.05.14"]
[EventType "swiss"]
[EventRounds "7"]
[EventCountry "FRA"]
[SourceTitle "CBM 166 Extra"]
[Source "ChessBase"]
[SourceDate "2015.06.18"]
[SourceVersion "1"]
[SourceVersionDate "2015.06.18"]
[SourceQuality "1"]

1. Nf3 d5 2. g3 c5 3. Bg2 Nc6 4. d4 cxd4 5. Nxd4 e5 6. Nxc6 bxc6 7. 0-0 Nf6 8. c4 h6 9. Nc3 Be6 10. Qa4 Bd7 11. e3 Be7 12. Rd1 0-0 13. Qa6 Be6 14. Qxc6 Rc8 15. Qa6 Rxc4 16. Nxd5 Bxd5 17. Bxd5 Rxc1 18. Raxc1 Nxd5 19. Qb7 Qb6 20. Qxd5 Qxb2 21. Qb3 Qe2 22. Rd7 Bf6 23. Rcc7 Qe1+ 24. Kg2 1-0

[Event "Cholet-B"]
[Site "Cholet"]
[Date "2012.02.22"]
[Round "6"]
[White "Fretel, Didier"]
[Black "Coant, Jean Francois"]
[Result "0-1"]
[WhiteElo "1800"]
[BlackElo "1798"]
[PlyCount "48"]
[EventDate "2012.02.18"]
[EventType "tourn"]
[EventRounds "9"]
[EventCountry "FRA"]
[SourceTitle "EXT 2013"]
[Source "ChessBase"]
[SourceDate "2012.11.22"]
[SourceVersion "1"]
[SourceVersionDate "2012.11.22"]
[SourceQuality "1"]

1. d4 d5 2. c4 c6 3. Nc3 Nf6 4. Bf4 e6 5. e3 Nbd7 6. Bd3 Be7 7. Nge2 dxc4 8. Bxc4 b5 9. Bd3 Bb7 10. 0-0 a6 11. Ne4 Nxe4 12. Bxe4 Nf6 13. Bf3 0-0 14. Rc1 Qb6 15. a3 Rfd8 16. Qb3 a5 17. Rfd1 Rac8 18. Rd2 Nd5 19. Be5 c5 20. dxc5 Bxc5 21. Nc3 Nxe3 22. Rxd8+ Rxd8 23. Bxb7 Qxb7 24. Na4 Qxg2# 0-1

[Event "Cholet-B"]
[Site "Cholet"]
[Date "2012.02.20"]
[Round "4"]
[White "Garay, Louis"]
[Black "Coant, Jean Francois"]
[Result "1/2-1/2"]
[WhiteElo "1745"]
[BlackElo "1798"]
[PlyCount "85"]
[EventDate "2012.02.18"]
[EventType "tourn"]
[EventRounds "9"]
[EventCountry "FRA"]
[SourceTitle "EXT 2013"]
[Source "ChessBase"]
[SourceDate "2012.11.22"]
[SourceVersion "1"]
[SourceVersionDate "2012.11.22"]
[SourceQuality "1"]

1. e4 c6 2. c4 d5 3. cxd5 cxd5 4. exd5 Qxd5 5. Nc3 Qa5 6. Bc4 Nf6 7. Qb3 Qe5+ 8. Nce2 e6 9. Nf3 Qc7 10. d4 Bd6 11. 0-0 0-0 12. Bg5 Ne4 13. Be3 Nc6 14. Bd3 Nf6 15. Rac1 Qe7 16. Nf4 Nb4 17. Bb1 Nfd5 18. Nxd5 Nxd5 19. Qd3 f5 20. Rfe1 Nb4 21. Qb3 f4 22. Bd2 Bd7 23. a3 Nd5 24. Be4 Bc6 25. Qd3 g6 26. Qe2 Rae8 27. b4 a6 28. Bd3 Qd7 29. Ng5 e5 30. dxe5 Rxe5 31. Ne4 Kh8 32. f3 Bc7 33. Qf1 Ne3 34. Rxe3 fxe3 35. Bc3 Bxe4 36. Bxe5+ Bxe5 37. Bxe4 Qd4 38. Qe2 Qd2 39. Rc2 Qxe2 40. Rxe2 Rd8 41. g3 Rd1+ 42. Kg2 Rd2 43. Kf1 1/2-1/2